000 00971nam a22003137a 4500
003 CHAP
005 20220329140403.0
008 971013s1989 r 00010 d
010 _a51254
011 _a52226
035 _a56376
040 _cCHAP
082 _a632.95
_bJ4
100 0 0 _aJepson, Paul C.
_961374
245 _aPesticides and non-target invertebrates
260 _aWimborne, Dorset :
_bIntercept,
_c1989
300 _a240 p.
_b: ilus. ; gráfs.
590 _aBATCH-UPD
_b10
_c20130110
_lUCH01
_h0940
590 _aBATCH-UPD
_b10
_c20130410
_lUCH01
_h0557
590 _aBATCH-UPD
_b10
_c20130914
_lUCH01
_h0415
590 _aCONVERSION
_b10
_c20130109
_lUCH01
_h1328
650 1 4 _aArtrópodos.
_97782
650 1 4 _aInvertebrados.
_960203
650 1 4 _aPesticidas.
_987536
650 1 4 _aPesticidas
_xEfecto en insectos.
_987550
901 _aBK
942 _cLIBRO
949 _a632.95 J4
_bBC
_cLIBRO
_d33724000011029
_eLIBRO
_gI. 179894
_h89709
_i56376
_si
_t696.00
999 _c51254
_d51254